| 000 | 00412pab a2200157 454500 | ||
|---|---|---|---|
| 008 | 180718b2012 xxu||||| |||| 00| 0 eng d | ||
| 100 | _aSchiemann, John W. | ||
| 245 | _aInterrogational torture: Or how good guys get bad information with ugly methods | ||
| 260 | _c2012 | ||
| 300 | _ap.3-19. | ||
| 362 | _aMar | ||
| 650 | _aTorture | ||
| 773 | _aPolitical Research Quarterly | ||
| 908 | _aN | ||
| 909 | _a96578 | ||
| 999 |
_c96578 _d96578 |
||